00577nam a2200181 a 450000100100000000500170001000800410002702000180006804000250008608200200011110000370013124500400016826000390020830000210024758600650026865000300033365000320036300002715120200930030633.0100805t2010 sp 000 p spa d a9789945870749 aDO-SdBNPbspacBNPHU aPR861.44bP128z1 aPagán López, Zuleika,d1982-10aZozobra /cZuleika Pagán López. aSanto Domingo :bFerilibro,c2010. a59 P. ;c23. cm. aPremio Internacional de Poesía Joven Feria del Libro, 2009 4aPoesía puertorriqueña 4aLiteratura puertorriqueña